[Event "4. Magistral Ciutat de Cullera"]
[Site "Cullera ESP"]
[Date "2006.07.25"]
[Round "5.5"]
[White "Flores, Diego"]
[Black "Lafuente, Pablo"]
[Result "1/2-1/2"]
[WhiteElo "2524"]
[BlackElo "2414"]
[PlyCount "35"]
[EventDate "2006.06.21"]
[EventType "tourn"]
[EventRounds "9"]
[EventCountry "ESP"]
[Source "lmi"]
[SourceDate "2006.07.29"]

1. c4 e5 2. Nc3 Nf6 3. Nf3 Nc6 4. e3 Bb4 5. Qc2 d6 6. Be2 O-O 7. O-O Re8 8. a3
Bxc3 9. Qxc3 a5 10. b3 Bg4 11. d3 e4 12. dxe4 Nxe4 13. Qc2 Qf6 14. Bb2 Qh6 15.
Nd4 Nxd4 16. Bxd4 Bxe2 17. Qxe2 Qg5 18. Rad1 1/2-1/2

[Event "4. Magistral Ciutat de Cullera"]
[Site "Cullera ESP"]
[Date "2006.07.26"]
[Round "6.1"]
[White "Pallardo Lozoya, Jose Vicente"]
[Black "Lafuente, Pablo"]
[Result "0-1"]
[WhiteElo "2338"]
[BlackElo "2414"]
[PlyCount "84"]
[EventDate "2006.06.21"]
[EventType "tourn"]
[EventRounds "9"]
[EventCountry "ESP"]
[Source "lmi"]
[SourceDate "2006.07.29"]

1. e4 c5 2. Nc3 Nc6 3. g3 g6 4. Bg2 Bg7 5. d3 d6 6. f4 Nf6 7. Nf3 O-O 8. O-O
Rb8 9. h3 b5 10. g4 b4 11. Ne2 a5 12. Qe1 c4 13. Be3 Ba6 14. Rd1 b3 15. axb3
cxd3 16. cxd3 Rxb3 17. Nc1 Rxb2 18. Nd4 Nb4 19. Qc3 Rb1 20. Ncb3 Rxd1 21. Rxd1
Nd7 22. Bf1 e5 23. Nf3 exf4 24. Bd4 Bxd4+ 25. Qxd4 Nb8 26. Qc3 N8c6 27. d4 Bxf1
28. Rxf1 Qb6 29. Kg2 a4 30. Nbd2 d5 31. Rb1 Qa6 32. Kf2 a3 33. Ra1 a2 34. exd5
Nxd5 35. Qb3 Ncb4 36. Ne4 Re8 37. Ne5 Qb6 38. Nc5 Rxe5 39. Rxa2 Re8 40. Rb2 Qf6
41. Rd2 Qh4+ 42. Kg2 Re3 0-1

[Event "4. Magistral Ciutat de Cullera"]
[Site "Cullera ESP"]
[Date "2006.07.26"]
[Round "6.2"]
[White "Uribe Arteaga, Daniel"]
[Black "Flores, Diego"]
[Result "0-1"]
[WhiteElo "2212"]
[BlackElo "2524"]
[PlyCount "70"]
[EventDate "2006.06.21"]
[EventType "tourn"]
[EventRounds "9"]
[EventCountry "ESP"]
[Source "lmi"]
[SourceDate "2006.07.29"]

1. d4 Nf6 2. c4 g6 3. Nf3 Bg7 4. g3 O-O 5. Bg2 d6 6. O-O c5 7. Nc3 Nc6 8. d5
Na5 9. Nd2 e5 10. Qc2 Ng4 11. a3 b6 12. b4 Nb7 13. h3 Nh6 14. e4 f5 15. Nf3 f4
16. gxf4 exf4 17. Bb2 Nf7 18. Qe2 Ne5 19. Kh2 Qe7 20. Rg1 Bd7 21. Rae1 cxb4 22.
axb4 Rac8 23. Nb5 a5 24. Bxe5 Bxe5 25. Na7 axb4 26. Nxc8 Rxc8 27. Nxe5 Qxe5 28.
Bf3 Na5 29. c5 bxc5 30. Qa6 Nb3 31. Bg4 Bxg4 32. Rxg4 Rf8 33. Qd3 Nd4 34. Reg1
c4 35. Qxc4 Qxe4 0-1

[Event "4. Magistral Ciutat de Cullera"]
[Site "Cullera ESP"]
[Date "2006.07.26"]
[Round "6.3"]
[White "Cabrera Pino, Alexis"]
[Black "Argandoña Rivero, Iñigo"]
[Result "1/2-1/2"]
[WhiteElo "2506"]
[BlackElo "2366"]
[PlyCount "35"]
[EventDate "2006.06.21"]
[EventType "tourn"]
[EventRounds "9"]
[EventCountry "ESP"]
[Source "lmi"]
[SourceDate "2006.07.29"]

1. e4 c5 2. Nf3 d6 3. d4 cxd4 4. Nxd4 Nf6 5. Nc3 g6 6. Bc4 Bg7 7. Bb3 O-O 8. h3
Nc6 9. Be3 Bd7 10. O-O Na5 11. f4 Nxb3 12. axb3 e5 13. Nf3 Qc7 14. Qd3 Bc6 15.
Qc4 Rfc8 16. Nd2 Qd7 17. Qd3 d5 18. fxe5 1/2-1/2

[Event "4. Magistral Ciutat de Cullera"]
[Site "Cullera ESP"]
[Date "2006.07.05"]
[Round "6.4"]
[White "Valmaña Canto, Jaime"]
[Black "Roca Galarza, Jose"]
[Result "1/2-1/2"]
[WhiteElo "2284"]
[BlackElo "2338"]
[PlyCount "60"]
[EventDate "2006.06.21"]
[EventType "tourn"]
[EventRounds "9"]
[EventCountry "ESP"]
[Source "lmi"]
[SourceDate "2006.07.29"]

1. e4 Nf6 2. e5 Nd5 3. d4 d6 4. c4 Nb6 5. exd6 cxd6 6. Nc3 g6 7. Be3 Bg7 8. Rc1
O-O 9. b3 e5 10. dxe5 dxe5 11. Qxd8 Rxd8 12. c5 N6d7 13. Bc4 Nc6 14. Nf3 Na5
15. Be2 Nc6 16. Nb5 Nd4 17. Nfxd4 exd4 18. Nxd4 Nxc5 19. Nc6 bxc6 20. Rxc5 Bf8
21. Rc4 Be6 22. Ra4 a5 23. Bc4 Bxc4 24. Rxc4 a4 25. bxa4 Rd3 26. Ke2 Ra3 27.
Rxc6 Rxa2+ 28. Kf3 R2xa4 29. Rd1 Ra3 30. Ke2 Ra2+ 1/2-1/2

[Event "4. Magistral Ciutat de Cullera"]
[Site "Cullera ESP"]
[Date "2006.07.26"]
[Round "6.5"]
[White "Camarena Gimenez, Rufino"]
[Black "Fenollar Jorda, Manuel"]
[Result "0-1"]
[WhiteElo "2323"]
[BlackElo "2329"]
[PlyCount "114"]
[EventDate "2006.06.21"]
[EventType "tourn"]
[EventRounds "9"]
[EventCountry "ESP"]
[Source "lmi"]
[SourceDate "2006.07.29"]

1. d4 d5 2. c4 c6 3. Nc3 Nf6 4. Nf3 e6 5. e3 Nbd7 6. Qc2 Bd6 7. b3 O-O 8. Be2
b6 9. O-O Bb7 10. Rd1 Qe7 11. Bb2 Ba3 12. Bxa3 Qxa3 13. e4 dxe4 14. Nxe4 Qe7
15. Nxf6+ Qxf6 16. c5 e5 17. b4 a5 18. bxa5 exd4 19. axb6 Ra5 20. Rxd4 Rxc5 21.
Qd2 Rd5 22. Rc1 Rb8 23. a4 Nxb6 24. a5 Nd7 25. a6 Ba8 26. Rxd5 cxd5 27. Qd4 Qh6
28. Qe3 Qd6 29. Nd4 g6 30. g3 Ne5 31. Qf4 Re8 32. Bb5 Rb8 33. Bc6 f6 34. Bxa8
Rxa8 35. Ra1 Rxa6 36. Rd1 Ra8 37. Nc2 Rd8 38. Ne3 d4 39. Ng4 Nxg4 40. Qxg4 Kf7
41. Rd3 Qd5 42. Qd1 Qe4 43. h4 f5 44. Qd2 Rb8 45. Qd1 Rb2 46. Qf3 Qxf3 47. Rxf3
Kf6 48. Ra3 Ke5 49. Ra7 d3 50. Rd7 Ke4 51. Re7+ Kd4 52. Rd7+ Kc3 53. Rc7+ Kb3
54. Rd7 Kc2 55. Rc7+ Kb1 56. Rxh7 d2 57. Rd7 Kc1 0-1

[Event "4. Magistral Ciutat de Cullera"]
[Site "Cullera ESP"]
[Date "2006.07.19"]
[Round "7.1"]
[White "Fenollar Jorda, Manuel"]
[Black "Pallardo Lozoya, Jose Vicente"]
[Result "1/2-1/2"]
[WhiteElo "2329"]
[BlackElo "2323"]
[PlyCount "127"]
[EventDate "2006.06.21"]
[EventType "tourn"]
[EventRounds "9"]
[EventCountry "ESP"]
[Source "lmi"]
[SourceDate "2006.07.29"]

1. d4 c5 2. c3 e6 3. Nf3 Nc6 4. e3 Nf6 5. Bd3 d5 6. Nbd2 Be7 7. O-O O-O 8. dxc5
e5 9. e4 a5 10. Qe2 Bxc5 11. exd5 Qxd5 12. Ne4 Nxe4 13. Bxe4 Qd6 14. Rd1 Qc7
15. Rd3 f6 16. Bd5+ Kh8 17. Nh4 Ne7 18. Qh5 Bd7 19. Bf7 Bg4 20. Qxg4 Rxf7 21.
Qe6 Nc6 22. Be3 Bxe3 23. Rxe3 Qd7 24. Qb3 Rd8 25. Ree1 Qe8 26. Rad1 Rfd7 27.
Nf5 Qg8 28. Qxg8+ Kxg8 29. Ne3 Rd2 30. Rxd2 Rxd2 31. Rb1 Kf7 32. Kf1 Ke6 33.
Nc4 Rd8 34. Ke2 b5 35. Ne3 f5 36. f3 b4 37. Rd1 Rxd1 38. Nxd1 bxc3 39. Nxc3 Kd6
40. Kd3 Kc5 41. a3 g6 42. Na2 h5 43. Kc3 h4 44. b4+ axb4+ 45. Nxb4 Nd4 46. Nd3+
Kd5 47. Nf2 Nb5+ 48. Kb4 Nxa3 49. Kxa3 Kd4 50. Nh3 Ke3 51. Kb3 Ke2 52. Ng5 Kf2
53. g3 hxg3 54. hxg3 Kxg3 55. Kc3 Kf4 56. Nf7 g5 57. Kd2 Kxf3 58. Nxg5+ Kf2 59.
Kd3 Kg3 60. Ke3 Kg2 61. Nf3 e4 62. Nh4+ Kh3 63. Nxf5 Kg4 64. Kxe4 1/2-1/2

[Event "4. Magistral Ciutat de Cullera"]
[Site "Cullera ESP"]
[Date "2006.07.26"]
[Round "7.2"]
[White "Roca Galarza, Jose"]
[Black "Camarena Gimenez, Rufino"]
[Result "1-0"]
[WhiteElo "2338"]
[BlackElo "2323"]
[PlyCount "81"]
[EventDate "2006.06.21"]
[EventType "tourn"]
[EventRounds "9"]
[EventCountry "ESP"]
[Source "lmi"]
[SourceDate "2006.07.29"]

1. Nf3 Nf6 2. c4 c6 3. d4 d5 4. Qc2 g6 5. Bf4 Bg7 6. e3 O-O 7. Nc3 c5 8. dxc5
Qa5 9. Rc1 Nc6 10. a3 dxc4 11. Bxc4 Qxc5 12. Nb5 Qh5 13. O-O Bf5 14. Qe2 Rac8
15. b4 e5 16. Nxe5 Nxe5 17. Bxe5 Bg4 18. Qb2 Rxc4 19. Rxc4 Be2 20. Rh4 Qxh4 21.
Qxe2 Qe4 22. Qb2 Qc6 23. Nxa7 Qa6 24. Nb5 Rd8 25. Nd4 Ra8 26. Ra1 Bf8 27. Nf3
Nd7 28. Bd4 b5 29. h4 Nb6 30. Ne5 Nc4 31. Nxc4 bxc4 32. b5 Qa4 33. b6 Rb8 34.
h5 Rb7 35. hxg6 hxg6 36. Qc3 Bd6 37. Rc1 Rb8 38. Qxc4 Qa5 39. a4 Qh5 40. g3 Qg4
41. Qc6 1-0

[Event "4. Magistral Ciutat de Cullera"]
[Site "Cullera ESP"]
[Date "2006.07.26"]
[Round "7.3"]
[White "Argandoña Rivero, Iñigo"]
[Black "Valmaña Canto, Jaime"]
[Result "1-0"]
[WhiteElo "2366"]
[BlackElo "2284"]
[PlyCount "67"]
[EventDate "2006.06.21"]
[EventType "tourn"]
[EventRounds "9"]
[EventCountry "ESP"]
[Source "lmi"]
[SourceDate "2006.07.29"]

1. d4 Nf6 2. Nf3 g6 3. c4 Bg7 4. Nc3 d6 5. e4 O-O 6. Be3 e5 7. dxe5 dxe5 8.
Qxd8 Rxd8 9. Nd5 Nxd5 10. cxd5 c6 11. Bc4 b5 12. Bb3 Bb7 13. Rc1 a5 14. a3 cxd5
15. Rc7 Rd7 16. Rxb7 Rxb7 17. Bxd5 Raa7 18. Ng5 Bh6 19. Nxf7 Bxe3 20. Nd8+ Kg7
21. Nxb7 Bd4 22. b3 a4 23. b4 Bb2 24. Ke2 Bxa3 25. Rb1 Na6 26. Nd6 Bxb4 27.
Nxb5 Rd7 28. Kd3 Bc5 29. f3 Nc7 30. Rc1 Bd6 31. Nxd6 Nxd5 32. Ne8+ Kf7 33. exd5
Rxd5+ 34. Ke4 1-0

[Event "4. Magistral Ciutat de Cullera"]
[Site "Cullera ESP"]
[Date "2006.07.26"]
[Round "7.4"]
[White "Flores, Diego"]
[Black "Cabrera Pino, Alexis"]
[Result "1-0"]
[WhiteElo "2524"]
[BlackElo "2506"]
[PlyCount "81"]
[EventDate "2006.06.21"]
[EventType "tourn"]
[EventRounds "9"]
[EventCountry "ESP"]
[Source "lmi"]
[SourceDate "2006.07.29"]

1. c4 e5 2. Nc3 Nc6 3. g3 Bc5 4. Bg2 Nf6 5. e3 O-O 6. Nge2 Re8 7. a3 a6 8. O-O
d6 9. b4 Ba7 10. d3 Ne7 11. a4 c6 12. b5 Be6 13. Rb1 axb5 14. axb5 Qd7 15. b6
Bb8 16. e4 Qd8 17. f4 exf4 18. Nxf4 d5 19. exd5 Bxf4 20. Bxf4 cxd5 21. Bg5 dxc4
22. Bxf6 gxf6 23. Ne4 Qd4+ 24. Kh1 f5 25. dxc4 Qe5 26. Qd6 Qg7 27. Nc5 Bxc4 28.
Rfe1 Ng6 29. Nxb7 Rxe1+ 30. Rxe1 Qb2 31. h4 Ra2 32. Qc6 Qf2 33. Rg1 Qxg3 34.
Qc8+ Kg7 35. Qxc4 f4 36. Qd4+ Kh6 37. Qf6 Rb2 38. Qxb2 Qxh4+ 39. Bh3 Ne5 40.
Nd6 Qf6 41. Qxe5 1-0

[Event "4. Magistral Ciutat de Cullera"]
[Site "Cullera ESP"]
[Date "2006.07.26"]
[Round "7.5"]
[White "Lafuente, Pablo"]
[Black "Uribe Arteaga, Daniel"]
[Result "1-0"]
[WhiteElo "2414"]
[BlackElo "2212"]
[PlyCount "57"]
[EventDate "2006.06.21"]
[EventType "tourn"]
[EventRounds "9"]
[EventCountry "ESP"]
[Source "lmi"]
[SourceDate "2006.07.29"]

1. d4 d5 2. c4 c6 3. Nf3 Nf6 4. e3 Bg4 5. Nbd2 e6 6. Be2 Nbd7 7. O-O Be7 8. b3
O-O 9. Bb2 c5 10. dxc5 Nxc5 11. Ne5 Bxe2 12. Qxe2 Ncd7 13. e4 dxe4 14. Nxe4
Nxe4 15. Qxe4 Nxe5 16. Bxe5 Qb6 17. Bd4 Qa6 18. Rad1 Rfd8 19. Be3 Bf6 20. a4 g6
21. g3 Rac8 22. Qf3 Be7 23. Rxd8+ Rxd8 24. Rd1 Rxd1+ 25. Qxd1 b6 26. Qd7 Bf8
27. Bd2 e5 28. Qe8 Qb7 29. Bb4 1-0

[Event "4. Magistral Ciutat de Cullera"]
[Site "Cullera ESP"]
[Date "2006.07.27"]
[Round "8.1"]
[White "Pallardo Lozoya, Jose Vicente"]
[Black "Uribe Arteaga, Daniel"]
[Result "1-0"]
[WhiteElo "2338"]
[BlackElo "2212"]
[PlyCount "89"]
[EventDate "2006.06.21"]
[EventType "tourn"]
[EventRounds "9"]
[EventCountry "ESP"]
[Source "lmi"]
[SourceDate "2006.07.29"]

1. a3 g6 2. c4 Bg7 3. Nc3 e5 4. g3 Nc6 5. Bg2 d6 6. d3 f5 7. e3 Nf6 8. Nge2 O-O
9. O-O a5 10. Rb1 Ne7 11. f4 c6 12. b4 axb4 13. axb4 Be6 14. b5 Qd7 15. Na4 Qc7
16. fxe5 dxe5 17. Nc5 Bf7 18. Qc2 Bh6 19. b6 Qc8 20. e4 Bxc1 21. Qxc1 Nd7 22.
Qe3 Nxc5 23. Qxc5 Qe6 24. Rbe1 Rfe8 25. exf5 Nxf5 26. Be4 Qd6 27. Qf2 Be6 28.
g4 Nd4 29. Nxd4 exd4 30. Bxg6 hxg6 31. Qf6 Re7 32. Qxg6+ Rg7 33. Qxe6+ Qxe6 34.
Rxe6 Rxg4+ 35. Kh1 Ra6 36. Re8+ Kh7 37. c5 Ra5 38. Re5 Rg7 39. Rg1 Rxg1+ 40.
Kxg1 Kg6 41. Re7 Rxc5 42. Rxb7 Rb5 43. Kf2 Rb3 44. Rb8 Rxd3 45. b7 1-0

[Event "4. Magistral Ciutat de Cullera"]
[Site "Cullera ESP"]
[Date "2006.07.27"]
[Round "8.2"]
[White "Cabrera Pino, Alexis"]
[Black "Lafuente, Pablo"]
[Result "0-1"]
[WhiteElo "2506"]
[BlackElo "2414"]
[PlyCount "126"]
[EventDate "2006.06.21"]
[EventType "tourn"]
[EventRounds "9"]
[EventCountry "ESP"]
[Source "lmi"]
[SourceDate "2006.07.29"]

1. e4 c5 2. Nf3 e6 3. d4 cxd4 4. Nxd4 Nc6 5. Nc3 a6 6. g3 Qc7 7. Bg2 Nf6 8. O-O
d6 9. Be3 Be7 10. a4 Rb8 11. f4 O-O 12. Kh1 Nd7 13. g4 Re8 14. g5 Bf8 15. Qh5
g6 16. Qh4 Bg7 17. Rad1 Nb4 18. Bg1 Qc4 19. f5 Ne5 20. Nxe6 fxe6 21. f6 Bf8 22.
f7+ Nxf7 23. Rxf7 Kxf7 24. Qxh7+ Bg7 25. Rd2 Re7 26. Ba7 Nc6 27. Rf2+ Ke8 28.
Qg8+ Kd7 29. Bxb8 Nxb8 30. Nd5 exd5 31. Bh3+ Kc7 32. Qxc8+ Kb6 33. Qxb8 Rxe4
34. Qxd6+ Ka7 35. Qxg6 Re1+ 36. Kg2 Bd4 37. Qf5 Re5 38. Qf4 Re4 39. Qf3 Bxf2
40. Qxf2+ d4 41. Kg3 Qc7+ 42. Kg2 Qc4 43. Kg3 Re3+ 44. Kh4 Qc7 45. Bf5 Qe5 46.
h3 Qh8+ 47. Kg4 Qxh3+ 48. Kf4 Qh8 49. g6 Qe5+ 50. Kg5 Re2 51. Qf3 Rh2 52. Qe4
Qh8 53. Bg4 Qd8+ 54. Kf5 Rf2+ 55. Bf3 Qd7+ 56. Kg5 Rf1 57. Kh6 Rg1 58. Bg2 Ka8
59. g7 Qd6+ 60. Kg5 Qg3+ 61. Kf6 Rxg2 62. Qxg2 Qxg2 63. Kf7 Qf3+ 0-1

[Event "4. Magistral Ciutat de Cullera"]
[Site "Cullera ESP"]
[Date "2006.07.27"]
[Round "8.3"]
[White "Valmaña Canto, Jaime"]
[Black "Flores, Diego"]
[Result "0-1"]
[WhiteElo "2284"]
[BlackElo "2524"]
[PlyCount "52"]
[EventDate "2006.06.21"]
[EventType "tourn"]
[EventRounds "9"]
[EventCountry "ESP"]
[Source "lmi"]
[SourceDate "2006.07.29"]

1. e4 c5 2. Nf3 e6 3. d4 cxd4 4. Nxd4 a6 5. Nc3 b5 6. Bd3 Qb6 7. Nf3 Qc7 8. O-O
Bb7 9. Re1 Bc5 10. Qd2 Ne7 11. b3 O-O 12. Bb2 d6 13. a4 b4 14. Nd1 Nbc6 15. Ne3
Ng6 16. Nc4 Nge5 17. Nfxe5 dxe5 18. Kh1 a5 19. f4 exf4 20. e5 f3 21. Be4 Rad8
22. Qg5 Nd4 23. gxf3 Nxf3 24. Qh5 Bxe4 25. Rxe4 Nd2 26. Rg1 Nxe4 0-1

[Event "4. Magistral Ciutat de Cullera"]
[Site "Cullera ESP"]
[Date "2006.07.23"]
[Round "8.5"]
[White "Fenollar Jorda, Manuel"]
[Black "Roca Galarza, Jose"]
[Result "1-0"]
[WhiteElo "2329"]
[BlackElo "2338"]
[PlyCount "66"]
[EventDate "2006.06.21"]
[EventType "tourn"]
[EventRounds "9"]
[EventCountry "ESP"]
[Source "lmi"]
[SourceDate "2006.07.29"]

1. d4 Nf6 2. Nf3 e6 3. e3 b6 4. Bd3 Bb7 5. Nbd2 d5 6. Ne5 Bd6 7. f4 Qe7 8. Qf3
Nbd7 9. Bb5 Bxe5 10. fxe5 Ne4 11. O-O O-O 12. Nxe4 dxe4 13. Qg3 f5 14. exf6
Nxf6 15. Bd2 Rac8 16. a3 c5 17. dxc5 Qxc5 18. c4 Qc7 19. Qh3 a6 20. Qxe6+ Kh8
21. Ba4 Qxc4 22. Qxc4 Rxc4 23. Bb3 Rcc8 24. Bb4 Rfe8 25. Rad1 Bc6 26. Bf7 Bb5
27. Rf4 Red8 28. Rxd8+ Rxd8 29. Be7 Rd1+ 30. Kf2 Rd7 31. Bxf6 gxf6 32. Be6 Rd2+
33. Kg3 Kg7 1-0

[Event "4. Magistral Ciutat de Cullera"]
[Site "Cullera ESP"]
[Date "2006.07.28"]
[Round "9.1"]
[White "Roca Galarza, Jose"]
[Black "Pallardo Lozoya, Jose Vicente"]
[Result "1/2-1/2"]
[WhiteElo "2338"]
[BlackElo "2323"]
[PlyCount "82"]
[EventDate "2006.06.21"]
[EventType "tourn"]
[EventRounds "9"]
[EventCountry "ESP"]
[Source "lmi"]
[SourceDate "2006.07.29"]

1. Nf3 c5 2. c4 Nc6 3. d4 cxd4 4. Nxd4 g6 5. e4 Bg7 6. Be3 Nf6 7. Nc3 d6 8. Be2
O-O 9. O-O a6 10. f3 Bd7 11. Qd2 Re8 12. Rfd1 Rb8 13. Nxc6 Bxc6 14. b4 b6 15.
e5 Nd7 16. exd6 exd6 17. Bd4 Bf8 18. a3 Rc8 19. Bf1 Re6 20. Qf2 Rb8 21. h3 Qc8
22. f4 b5 23. Rac1 Qb7 24. a4 bxc4 25. b5 axb5 26. axb5 Be4 27. Nxe4 Rxe4 28.
Bxc4 Ree8 29. Ba1 Qb6 30. Qxb6 Nxb6 31. Bf1 Re4 32. g3 Rb4 33. Rb1 d5 34. Rxb4
Bxb4 35. Bd4 Nc4 36. Bxc4 dxc4 37. Be5 Bc5+ 38. Kg2 Rc8 39. Kf3 Kf8 40. Rd7 Ke8
41. Rb7 Bb4 1/2-1/2

[Event "4. Magistral Ciutat de Cullera"]
[Site "Cullera ESP"]
[Date "2006.07.28"]
[Round "9.2"]
[White "Argandoña Rivero, Iñigo"]
[Black "Fenollar Jorda, Manuel"]
[Result "1-0"]
[WhiteElo "2366"]
[BlackElo "2329"]
[PlyCount "65"]
[EventDate "2006.06.21"]
[EventType "tourn"]
[EventRounds "9"]
[EventCountry "ESP"]
[Source "lmi"]
[SourceDate "2006.07.29"]

1. d4 d5 2. c4 c6 3. Nc3 Nf6 4. Nf3 e6 5. Bg5 Be7 6. e3 Nbd7 7. Qc2 Qa5 8. cxd5
exd5 9. Bd3 O-O 10. Bxh7+ Nxh7 11. Bxe7 Re8 12. Ng5 Ndf8 13. Nxh7 Nxh7 14. Bh4
Bd7 15. O-O Re6 16. b4 Qxb4 17. Rfb1 Qa5 18. Rxb7 Bc8 19. Rb2 Nf6 20. Rc1 Ne4
21. Nxe4 dxe4 22. Qc5 Qxc5 23. Rxc5 Ba6 24. h3 Bd3 25. Rb7 a6 26. a4 Be2 27.
Rb6 Bd1 28. Rc4 Be2 29. Rcxc6 Rxc6 30. Rxc6 Rb8 31. d5 Rb1+ 32. Kh2 Rd1 33.
Rc8+ 1-0

[Event "4. Magistral Ciutat de Cullera"]
[Site "Cullera ESP"]
[Date "2006.07.28"]
[Round "9.3"]
[White "Flores, Diego"]
[Black "Camarena Gimenez, Rufino"]
[Result "1/2-1/2"]
[WhiteElo "2524"]
[BlackElo "2323"]
[PlyCount "129"]
[EventDate "2006.06.21"]
[EventType "tourn"]
[EventRounds "9"]
[EventCountry "ESP"]
[Source "lmi"]
[SourceDate "2006.07.29"]

1. Nf3 d5 2. c4 c6 3. e3 Nf6 4. Nc3 g6 5. b4 Bg7 6. Bb2 O-O 7. d4 b6 8. Qb3 e6
9. Be2 Bb7 10. O-O Nbd7 11. a4 a5 12. cxd5 exd5 13. b5 c5 14. dxc5 bxc5 15.
Rfd1 Re8 16. Rac1 Rc8 17. Nb1 Qe7 18. Bf1 Bh6 19. Nbd2 Ng4 20. Re1 f6 21. e4 c4
22. Qc3 Qc5 23. Nd4 Nb6 24. N2b3 Qd6 25. Qh3 Bxc1 26. Nxc1 c3 27. Bxc3 Rxc3 28.
Qxg4 dxe4 29. Rd1 Rxc1 30. Rxc1 Qxd4 31. Rc7 Bc8 32. Qh4 Bd7 33. Rb7 Nxa4 34.
g3 Nc5 35. Rc7 g5 36. Qh5 e3 37. Qf3 exf2+ 38. Qxf2 Qxf2+ 39. Kxf2 Rc8 40. Ra7
a4 41. b6 Rb8 42. Rc7 Ne4+ 43. Ke3 Bf5 44. Bc4+ Kf8 45. g4 Bxg4 46. Kxe4 Rxb6
47. Kd5 a3 48. Ra7 Rb2 49. Rxa3 Rxh2 50. Ra7 Rd2+ 51. Kc6 Bh5 52. Bd5 Re2 53.
Kd6 g4 54. Be6 g3 55. Ra8+ Be8 56. Ra3 Rd2+ 57. Kc5 g2 58. Rg3 Ke7 59. Bd5 Rc2+
60. Kd4 Bc6 61. Bxc6 Rxc6 62. Rxg2 Ra6 63. Rg7+ Kd6 64. Rf7 Kc6 65. Rf8 1/2-1/2

[Event "4. Magistral Ciutat de Cullera"]
[Site "Cullera ESP"]
[Date "2006.07.28"]
[Round "9.4"]
[White "Lafuente, Pablo"]
[Black "Valmaña Canto, Jaime"]
[Result "1-0"]
[WhiteElo "2414"]
[BlackElo "2212"]
[PlyCount "105"]
[EventDate "2006.06.21"]
[EventType "tourn"]
[EventRounds "9"]
[EventCountry "ESP"]
[Source "lmi"]
[SourceDate "2006.07.29"]

1. d4 Nf6 2. c4 g6 3. Nc3 Bg7 4. e4 d6 5. Nf3 O-O 6. Be2 e5 7. Be3 exd4 8. Nxd4
Re8 9. f3 c6 10. Bf2 d5 11. exd5 cxd5 12. c5 Nc6 13. O-O Nh5 14. Qd2 Be5 15. g3
Ng7 16. Rfd1 Be6 17. Nxe6 Nxe6 18. Rac1 d4 19. Nb5 Qe7 20. f4 Bb8 21. Bf3 Nxc5
22. Re1 Ne6 23. Rxc6 bxc6 24. Bxc6 Bd6 25. a3 Bc5 26. Bxe8 Rxe8 27. Nxd4 Rd8
28. Qc3 Bxd4 29. Bxd4 Qd7 30. Bf2 h5 31. Qf6 Ng7 32. Qe7 Qd2 33. Qxa7 Qxb2 34.
Qb6 Qd2 35. Qc6 h4 36. gxh4 Qxf4 37. Qe4 Qf6 38. Qe7 Qxe7 39. Rxe7 Ra8 40. Ra7
Rxa7 41. Bxa7 Kf8 42. a4 Ke8 43. a5 Kd7 44. a6 Kc6 45. Bf2 Nh5 46. Kg2 f6 47.
Kf3 Kc7 48. Bd4 Kb8 49. Kg4 Ka8 50. Bxf6 Nxf6+ 51. Kg5 Nd5 52. Kxg6 Nf4+ 53.
Kf5 1-0

[Event "4. Magistral Ciutat de Cullera"]
[Site "Cullera ESP"]
[Date "2006.07.19"]
[Round "9.5"]
[White "Uribe Arteaga, Daniel"]
[Black "Cabrera Pino, Alexis"]
[Result "0-1"]
[WhiteElo "2212"]
[BlackElo "2506"]
[PlyCount "72"]
[EventDate "2006.06.21"]
[EventType "tourn"]
[EventRounds "9"]
[EventCountry "ESP"]
[Source "lmi"]
[SourceDate "2006.07.29"]

1. e4 e5 2. Nf3 Nc6 3. Bb5 a6 4. Ba4 Nf6 5. O-O b5 6. Bb3 Bc5 7. a4 Rb8 8. c3
O-O 9. axb5 axb5 10. d4 Bb6 11. dxe5 Ng4 12. Bf4 Qe8 13. Na3 Ncxe5 14. Nxe5
Nxe5 15. Nxb5 d6 16. Nd4 Ng6 17. Bg3 Qxe4 18. Re1 Qb7 19. Bc2 Bd7 20. Nf5 Bc6
21. Qh5 Rfe8 22. Nh4 Ra8 23. Rxa8 Qxa8 24. Rxe8+ Qxe8 25. Qd1 Nxh4 26. Bxh4 Qa8
27. Qf1 Qa2 28. Qc1 h6 29. h3 g5 30. Bg3 f5 31. Qd1 Qe6 32. Bb3 d5 33. c4 dxc4
34. Qd8+ Kg7 35. Bxc7 Qe1+ 36. Kh2 Bxf2 0-1